000 00319nam a2200133Ia 4500
100 _aGupta/ N.K. Ed.
942 _cBK
654 _aPlasticity & impact mechanics
245 _aPlasticity & Impact Mechanics
260 _bWiley eastern
_aNew Delhi
_c1993
082 _a671.35
_bPAN
546 _aENGLISH
999 _c23333
_d23333